Macroeconomics, income distribution and social services: Bolivia during the 80's
Saved in:
| Hovedforfatter: | |
|---|---|
| Institution som forfatter: | |
| Format: | Bog |
| Sprog: | engelsk |
| Udgivet: |
Santiago
ILADES
1992
|
| Serier: | Investigación. ILADES, I-50
|
| Fag: | |
| Tags: |
Tilføj Tag
Ingen Tags, Vær først til at tagge denne postø!
|
MARC
| LEADER | 00000nam a2200000 a 4500 | ||
|---|---|---|---|
| 001 | UCR7854 | ||
| 003 | CL-VaPUC | ||
| 008 | 980519e19920000CL |||||||||||||||||eng|d | ||
| 082 | 0 | 4 | |a 339.509 |b LAR |2 21 |
| 100 | |a Larrañaga, Osvaldo |e author |9 518468 | ||
| 110 | 2 | |a Programa de Postgrado en Economía ILADES-Georgetown University |e author |9 409337 | |
| 245 | 1 | 0 | |a Macroeconomics, income distribution and social services: Bolivia during the 80's |
| 300 | |a 55 p | ||
| 942 | |c BK | ||
| 945 | |d 19980519 00:00:00 |a crobeson | ||
| 260 | |a Santiago |b ILADES |c 1992 | ||
| 650 | 7 | |a DISTRIBUCION DE RENTAS |2 CL-VaPUC |9 319435 | |
| 650 | 7 | |a DISTRIBUCION TEORIA ECONOMICA |2 CL-VaPUC |9 317564 | |
| 651 | 0 | |a Bolivia |9 255454 | |
| 583 | |a last modification |c 19980519 00:00:00 |k Rodrigo Vera | ||
| 490 | 0 | |a Investigación. ILADES, I-50 | |
| 999 | |c 269433 |d 269431 | ||
| 952 | |0 0 |1 0 |4 0 |6 339_509000000000000_LAR_1992 |7 0 |8 A |9 303176 |a BIBENE |b BIBENE |d 2019-11-20 |i 292563K |o 339.509 LAR 1992 |p 292563K |r 2025-01-15 |w 2019-11-20 |y BK |k ICO | ||